Fruits that are Red - Statistics

General Stats
  • This quiz has been taken 7 times
  • The average score is 6 of 10
Answer Stats
Red Fruits % Correct
Red Apples
100%
Red Plums
100%
Red Raspberry
100%
Red Strawberry
100%
Red Cherries
67%
Red Watermelon
67%
Red Cranberry
33%
Red Grapefruit
33%
Red Nectarines
33%
Red Pomegranates
0%
No matching quizzes found
Score Distribution
Percent of People with Each Score
Percentile by Number Answered
Your Score History
You have not taken this quiz